00732nam a2200169 a 450000100100000000500170001000800410002702000150006810000320008324501950011526000720031030000350038250000210041750000730043870000380051104000130054900003528820200930074231.0111027s2006 es 000 0 spa d a84831926241 aDarwin, Charles,d1809-188213aLa estructura y distribución de los arrecifes de coral :bprimera parte del viaje geológico del "Beagle" /cCharles Darwin ; traducción e introducción de Armando García González. aMadrid :bConsejo Superior de Investigaciones Científicas,c2006. a269 p. :bil., mapas ;c22 cm. aIncluye índice aIncluye referencias bibliográficas y notas al pie de las páginas12aGarcía González, Armandoetr. aDO-SdBNP